Figuras y estrategias: en torno a una semiótica de lo visual

Uloženo v:
Podrobná bibliografie
Hlavní autoři: Hernández Aguilar, Gabriel (Autor), Greimas, Algirdas Julien (Autor), Floch, Jean-Marie (Autor), Thurlemann, Félix (Autor), Blanco, Desiderio (Autor), Bordron, Jean-Francois (Autor), Stockinger, Peter (Autor), Fontanille, Jacques (Autor), Saudan, Alain (Autor)
Médium: Kniha
Jazyk:španělština
Vydáno: Cuernavaca Siglo Veintiuno Editores 1983
Témata:
Tagy: Přidat tag
Žádné tagy, Buďte první, kdo vytvoří štítek k tomuto záznamu!

MARC

LEADER 00000cam a2200000 a 4500
001 UCF6648
003 CL-VaPUC
008 130509e19830000MX |||||||||||||||||spa|d
020 |a 968231934X 
082 0 4 |a 401.41  |b HER  |2 21 
100 0 |a Hernández Aguilar, Gabriel  |e author  |9 568672 
700 |a Greimas, Algirdas Julien  |e author  |9 568673 
700 0 |a Floch, Jean-Marie  |e author  |9 568674 
700 0 |a Thurlemann, Félix  |e author  |9 568675 
700 0 |a Blanco, Desiderio  |e author  |9 568676 
700 0 |a Bordron, Jean-Francois  |e author  |9 568677 
700 0 |a Stockinger, Peter  |e author  |9 568678 
700 0 |a Fontanille, Jacques  |e author  |9 568679 
700 0 |a Saudan, Alain  |e author  |9 568680 
245 1 0 |a Figuras y estrategias: en torno a una semiótica de lo visual 
300 |a 226 p 
942 |c BK 
945 |d 20130509 00:00:00  |a dcastane 
260 |a Cuernavaca  |b Siglo Veintiuno Editores  |c 1983 
650 0 |a Semiótica  |9 265317 
650 0 |a Imágenes   |9 361884 
650 0 |a Símbolos  |9 267425 
583 |a last modification  |c 20130509 12:56:00  |k Rodrigo Vera 
999 |c 351787  |d 351785 
952 |0 0  |1 0  |4 0  |6 401_410000000000000_HER_1983  |7 0  |8 A  |9 456116  |a FDOPOS  |b FDOPOS  |d 2019-11-22  |i 4972147  |o 401.41 HER 1983  |p 4972147  |r 2025-01-22  |w 2019-11-22  |y BK  |k DLH